Guess The Artist By Letter (L) - Statistics

General Stats
  • This quiz has been taken 90 times
  • The average score is 6 of 17
Answer Stats
Hint Answer % Correct
Poker Face Lady Gaga
94%
Stairway To Heaven Led Zeppelin
87%
Sweet Home Alabama Lynyrd Skynyrd
73%
Steal My Sunshine Len
61%
Say You Say Me Lionel Richie
56%
In The End Linkin Park
46%
Ho Hey The Lumineers
41%
Despacito Louis Fonsi
35%
Need You Now Lady Antebellum
34%
Rollin' Limp Bizkit
23%
Ode To Joy Ludwig van Beethoven
23%
Brandy Looking Glass
19%
Do You Believe In Magic? The Lovin' Spoonful
16%
Danny's Song Loggins and Messina
9%
Rumble Link Wray
6%
You Ain't Woman Enough Loretta Lynn
5%
Shatter Me Lindsey Stirling
4%
No matching quizzes found
Score Distribution
Percent of People with Each Score
Percentile by Number Answered
Your Score History
You have not taken this quiz